00347pab a2200121 454500008004000000100002200040245005700062260000900119300001500128362001200143650002600155773004400181180718b1963 xxu||||| |||| 00| 0 eng d aBanerjee, Ajit M. aFifteen years of administrative reforms: An overview c1963 ap.441-456. aJul-Sep aAdministrative reform aIndian Journal of Public Administration